Who was President II Quiz Stats

 Plays Quiz Updated Oct 31, 2018

Score 0/45 Timer 08:00
0 Plays Today
Event US President % Correct
9/11 terrorist attacksGeorge W. Bush
89.6%
Watergate scandalRichard Nixon
86.4%
Gettysburg AddressAbraham Lincoln
86.1%
Cuban Missile CrisisJohn F. Kennedy
84.3%
Lewinsky scandalBill Clinton
83%
New DealFranklin D. Roosevelt
81%
James Comey is dismissed as the director of the FBIDonald J. Trump
80.4%
Closing of Guantanamo Bay detention camp orderedBarack Obama
80.3%
Persian Gulf War (1st)George H. W. Bush
79.2%
Richard Nixon pardonedGerald Ford
79.2%
Iran hostage crisisJimmy Carter
76.9%
The beginning of the Great Depression Herbert Hoover
75.9%
Civil Rights ActLyndon B. Johnson
71.7%
The Korean War beganHarry S Truman
70.4%
Sputnik 1 launchedDwight D. Eisenhower
69.6%
Bill of Rights ratifiedGeorge Washington
68.9%
First US President to be impeachedAndrew Johnson
64.8%
War of 1812James Madison
64%
John Hinckley, Jr. assassination attemptRonald Reagan
62.6%
First president to die in officeWilliam Henry Harrison
61.7%
Immigration Act of 1924Calvin Coolidge
58.6%
Second president to be assassinatedJames A. Garfield
57.8%
Women granted the right to voteWoodrow Wilson
57%
Event US President % Correct
Panic of 1873Ulysses S. Grant
48.3%
Panic of 1893Grover Cleveland (2nd term)
46%
Tariff of 1828John Quincy Adams
43%
XYZ AffairJohn Adams
42.4%
Compromise of 1850Millard Fillmore
38.4%
Teapot Dome scandalWarren G. Harding
36.5%
Annexation of the Republic of TexasJohn Tyler
35.2%
Dred Scott DecisionJames Buchanan
33%
Embargo ActThomas Jefferson
30.1%
Treaty of Guadalupe HidalgoJames K. Polk
28.8%
Missouri CompromiseJames Monroe
28.3%
Nullification CrisisAndrew Jackson
26.1%
16th Amendment was ratifiedWilliam Howard Taft
22.9%
La AmistadMartin Van Buren
22.9%
Great Railroad StrikeRutherford B. Hayes
20.3%
Gadsden PurchaseFranklin Pierce
20.2%
Treaty of PortsmouthTheodore Roosevelt
19.4%
Sherman Antitrust ActBenjamin Harrison
19.1%
Chinese Exclusion ActChester A. Arthur
18.1%
Interstate Commerce CommissionGrover Cleveland (1st term)
13.3%
Clayton-Bulwer TreatyZachary Taylor
11.9%
Dingley ActWilliam McKinley
10.5%

You're not logged in!

Compare scores with friends on all Sporcle quizzes.
OR
Log In

Sporcle TV

Today on Sporcle TV


Watch our educational content, quiz creation guides, and fun videos on Sporcle TV.

Show Comments

Extras

Top Quizzes Today


Score Distribution

Your Account Isn't Verified!

In order to create a playlist on Sporcle, you need to verify the email address you used during registration. Go to your Sporcle Settings to finish the process.

Report this User

Report this user for behavior that violates our Community Guidelines.

Details: